Nahradí euro dolár?
Rozhodujúce faktory držby eura ako rezervnej meny. Vývoj kurzu eura a dolára. Podmienky pre znehodnocovanie dolára vytvorené predovšetkým opakovaným poklesom kľúčovej úrokovej sadzby Fed. Vysoký deficit bežného účtu americkej platobnej bilancie. Domnienka niektorých autorov, že by sa euro mohlo stať...
Guardado en:
| Autor principal: | |
|---|---|
| Formato: | Capítulo de libro |
| Lenguaje: | eslovaco |
| Materias: | |
| Etiquetas: |
Sin Etiquetas, Sea el primero en etiquetar este registro!
|
MARC
| LEADER | 00000naa$a2200000$$$4500 | ||
|---|---|---|---|
| 001 | 0099492 | ||
| 005 | 20240502072108.6 | ||
| 041 | 0 | |a slo | |
| 044 | |a SK | ||
| 245 | 1 | 0 | |a Nahradí euro dolár? |c Julianna Moravová |
| 520 | |a Rozhodujúce faktory držby eura ako rezervnej meny. Vývoj kurzu eura a dolára. Podmienky pre znehodnocovanie dolára vytvorené predovšetkým opakovaným poklesom kľúčovej úrokovej sadzby Fed. Vysoký deficit bežného účtu americkej platobnej bilancie. Domnienka niektorých autorov, že by sa euro mohlo stať vedúcou medzinárodnou menou okolo roku 2015. | ||
| 610 | 2 | 0 | |a mena |
| 610 | 2 | 0 | |a euro |
| 610 | 2 | 0 | |a dolár |
| 610 | 2 | 0 | |a politika menová |
| 610 | 2 | 0 | |a znehodnotenie meny |
| 610 | 2 | 0 | |a rezervy devízové |
| 610 | 2 | 0 | |a kurz devízový |
| 100 | 1 | |a Moravová, Julianna | |